| 000 | 00454cam a22001457a 4500 | ||
|---|---|---|---|
| 008 | 180718b1995 xxu||||| |||| 00| 0 eng d | ||
| 082 | _aT19x54 P218 | ||
| 100 | _aBhattacharya, K.,et.al. | ||
| 245 | _aInfrastructure : accelerating demand and privatization | ||
| 260 |
_aDelhi _bKonark _c1995 |
||
| 300 | _av.p. | ||
| 500 | _a[In]Mid - year review of the economy 1994 - 95 edited by Kirit S. Parikh | ||
| 650 | _aPriatization | ||
| 650 | _aInfrastructure | ||
| 999 |
_c377925 _d377925 |
||